000 00788nam a2200241 a 4500
999 _c11621
_d11621
001 1162111621
003 BD-JhCC
005 20200709084307.0
008 200709b2019 bg |||| ||a| 000 0 ben d
020 _a9789845250788
035 _a(BD-JhCC)11621
040 _aBD-JhCC
_dBD-JhCC
041 _aben
082 _a303.482
_bCHO 2019
100 _aচৌধুরী, রাহমান
245 _aমাহাথির এবং মালয়েশীয়া /
_c রাহমান চৌধুরী ।
260 _aঢাকা:
_bপ্রথমা প্রকাশন;
_c২০১৯.
300 _a349 p. :
_c22 cm.
610 _aMalaysia
650 _aEconomic history
_xInternational economic relations
_zEconomic policy
942 _2ddc
_cBK